|
|
|
|
| LEADER |
01718nam a2200445 a 4500 |
| 001 |
000324095 |
| 003 |
CZ BrMZK |
| 005 |
20220107101455.0 |
| 007 |
ta |
| 008 |
980115s1997 xr f ger d |
| 015 |
|
|
|a cnb000364435
|
| 020 |
|
|
|a 80-7028-110-3
|
| 035 |
|
|
|a (OCoLC)84951122
|
| 040 |
|
|
|a BOA001
|b cze
|
| 043 |
|
|
|a e-xr---
|b e-xr-zl
|2 czenas
|
| 072 |
|
7 |
|a 903
|x Pravěk
|2 Konspekt
|9 8
|
| 080 |
|
|
|a 902.2
|2 MRF
|
| 080 |
|
|
|a 903.2
|2 MRF
|
| 080 |
|
|
|a 903'16
|2 MRF
|
| 080 |
|
|
|a 903.8
|2 MRF
|
| 080 |
|
|
|a (437.323)
|2 MRF
|
| 080 |
|
|
|a (048.8)
|2 MRF
|
| 100 |
1 |
|
|a Salaš, Milan,
|d 1957-
|7 mzk2002161000
|4 aut
|
| 245 |
1 |
4 |
|a Der urnenfelderzeitliche Hortfund von Polešovice und die Frage der Stellung des Depotfundhorizonts Drslavice in Mähren /
|c Milan Salaš.
|
| 260 |
|
|
|a Brno :
|b Moravské zemské muzeum,
|c 1997
|
| 300 |
|
|
|a 135 s. :
|b il. (některé barev.) ;
|c 30 cm
|
| 500 |
|
|
|a Bibliogr.
|
| 650 |
0 |
7 |
|a archeologické výzkumy
|7 ph118577
|z Česko
|2 czenas
|
| 650 |
0 |
7 |
|a archeologické nálezy
|7 ph137683
|z Česko
|2 czenas
|
| 650 |
0 |
7 |
|a depoty
|7 ph257193
|z Česko
|2 czenas
|
| 650 |
0 |
7 |
|a kultury popelnicových polí
|7 ph136537
|z Česko
|2 czenas
|
| 651 |
|
7 |
|a Polešovice (Česko)
|7 ge130471
|2 czenas
|
| 651 |
|
7 |
|a Drslavice (Uherské Hradiště, Česko)
|7 ge134137
|2 czenas
|
| 655 |
|
7 |
|a studie
|7 fd133597
|2 czenas
|
| 710 |
2 |
|
|a Moravské zemské muzeum (Brno, Česko)
|7 kn20010709060
|
| 910 |
|
|
|a BOA001
|b 4-1046.364
|
| 967 |
|
|
|a Polešovice
|b Uherské Hradiště
|c cz-ms
|
| 990 |
|
|
|a BK
|
| 996 |
7 |
|
|b 2610072645
|c 4-1046.364
|l MZK
|r Sklad / do 1 hodiny
|n 3
|p p.v.
|w 000324095
|u 000010
|a 1
|e BOA001
|j MZK50
|s A
|
| 996 |
6 |
|
|b 2610360825
|c 4-1046.364
|l MZK
|r Sklad / do 1 hodiny
|n 0
|p kup
|w 000324095
|u 000020
|a 1
|e BOA001
|j MZK50
|s P
|